000 00405nam a2200181Ia 4500
001 2824
005 20260306144835.0
008 260306t1986||||xx |||||||||||||| ||spa||
041 _aESP
082 _a230.2
_bR27
100 _aRatzinger, Joseph
_eAUT
245 0 _aInforme sobre la fe
260 _c1986
300 _a219 páginas :
_c
650 _aGEN
654 _aCHU
942 _cLIB
_dJUS
_fJUS
_2ddc
_n
999 _c2824
_d2824